| 000 | 00490nam a22001337a 4500 | ||
|---|---|---|---|
| 999 |
_c535652 _d535652 |
||
| 100 | _aAli, Waqas | ||
| 245 |
_aImpact of disparate storage conditions on Direct Reduced Iron at Tuwairqi Steel Mills / _cWaqas Ali. |
||
| 260 |
_aIslamabad : _bPNEC - NUST, _c2015. |
||
| 300 |
_a85 p. : ill. ; _c30cm. |
||
| 942 |
_2ddc _cTHE |
||
| 650 |
_aManufacturing Engineering & Management - MS Theses. _930380 |
||
| 700 |
_aDr. Sohaib Zia Khan _929841 |
||